Economic cooperation and infrastructural linkages between two Punjabs : way ahead (Record no. 503375)

000 -LEADER
fixed length control field 00444cam a22001097a 4500
008 - FIXED-LENGTH DATA ELEMENTS--GENERAL INFORMATION
fixed length control field 180718b2010 xxu||||| |||| 00| 0 eng d
020 ## - INTERNATIONAL STANDARD BOOK NUMBER
International Standard Book Number 8185835608
100 ## - MAIN ENTRY--PERSONAL NAME
Personal name Gill, Sucha Singh , Ghuman, Ranjit Singh , Singh, Inderjit et al.
245 ## - TITLE STATEMENT
Title Economic cooperation and infrastructural linkages between two Punjabs : way ahead
Statement of responsibility, etc. by Sucha Singh Gill, Ranjit Singh Ghuman , Inderjit Singh et al.
260 ## - PUBLICATION, DISTRIBUTION, ETC.
Place of publication, distribution, etc. Chandigarh
Name of publisher, distributor, etc. CRRID
Date of publication, distribution, etc. 2010
300 ## - PHYSICAL DESCRIPTION
Extent 155p.
Holdings
Withdrawn status Lost status Damaged status Not for loan Permanent Location Current Location Date acquired Barcode Date last seen Price effective from Koha item type
        Indian Institute of Public Administration Indian Institute of Public Administration 2018-08-04 GR19903 2018-08-04 2018-08-04 GR

Powered by Koha